000 00472nam a2200181 a 4500
001 5918
003 CO-ViMGA
008 141112s2004 ck r 000 u spa d
040 _aCO-ViMGA
_bspa
_cCO-ViMGA
082 0 4 _a923.1 G353p
100 1 _aPrawdin, Michael
_94520
245 1 0 _aGengis - kan :
_bel conquistador de asia
250 _a5a
260 _aBarcelona :
_bJuventud,
_c1986
300 _a430 p : il
650 1 4 _aGENGIS KAN 1167 - 1227
_94521
942 _2ddc
_cBK
999 _c17894
_d17894